| 000 | 00634npc a2200205Ia 4500 | ||
|---|---|---|---|
| 001 | ist278-43709 | ||
| 003 | IT-MiCISF | ||
| 008 | 161014s9999||||xx | und|| | ||
| 040 |
_aIT-MiCISF _cIT-MiCISF |
||
| 041 | _ait | ||
| 100 | _aAA.VV. | ||
| 245 | 0 | _aNatalità e fecondità dela popolazione residente: caratteristiche e tendenze recenti | |
| 250 | _a1a ed. | ||
| 260 |
_a Roma _bIstat _c2006 |
||
| 300 | _app. 1-12 | ||
| 500 | _aIstituto Nazionale di Statistica / natalità, denatalità, dimensione-famiglia, nascite-illegittime, fecondità / | ||
| 650 | _apopolazione | ||
| 942 | _cDD | ||
| 957 | _71 | ||
| 999 |
_a43709 _bsi _g1 _c206190 _d206190 |
||